000
00199nam a2200085Ia 4500
008
120527s9999 xx 000 0 und d
100
_a
Appubaum, P.
245
_a
Introduction to saociology
942
_c
BK
999
_c
27691
_d
27691